Sucker For Pain - Lil Wayne, Wiz Khalifa, Imagine Dragons - All Lyrics - Statistics

General Stats
  • This quiz has been taken 20 times
  • The average score is 397 of 650
Answer Stats
Answer % Correct
a
100%
A
100%
for
100%
I
100%
(Oh),
100%
(Oh)
100%
Ooh
100%
the
100%
to
100%
Uh,
100%
hand
92%
I'm
92%
(I'm
92%
I'ma
92%
my
92%
(My
92%
pain)
92%
pain
92%
pain,
92%
pain),
92%
sucker
92%
you
92%
You
92%
Do
85%
just
85%
Just
85%
Take
85%
take
85%
up,
85%
up?
85%
up
85%
when
85%
down
77%
down,
77%
who
77%
in
69%
me
69%
no
69%
No
69%
(No
69%
slave
69%
torture
69%
wanna
69%
chain
62%
don't
62%
flames
62%
So
62%
so
62%
this
62%
This
62%
through
62%
tie
62%
We
62%
we
62%
your
62%
all
54%
All
54%
and
54%
And
54%
from
54%
games
54%
go
54%
Hold
54%
if
54%
is
54%
is)
54%
it
54%
it)
54%
of
54%
on
54%
put
54%
that's
54%
That's
54%
us
54%
us?
54%
us)
54%
as
46%
at
46%
back
46%
but
46%
by
46%
feel
46%
fire
46%
fuck
46%
get
46%
gettin'
46%
(Gettin'
46%
gon'
46%
got
46%
Got
46%
head
46%
know
46%
Like,
46%
like
46%
Like
46%
Love
46%
our
46%
see
46%
See,
46%
step
46%
try
46%
war,
46%
what
46%
Won't
46%
yeah,
46%
against
38%
ankles
38%
ankles)
38%
been
38%
beggin',
38%
beggin'
38%
'cause
38%
'Cause
38%
failure
38%
fam,
38%
Feeling
38%
finna
38%
('Gainst
38%
getting
38%
have
38%
homies,
38%
neck
38%
Never
38%
now
38%
off
38%
rebellion
38%
shoulders
38%
slow
38%
slow,
38%
stand
38%
start
38%
straight
38%
tatted
38%
ten
38%
toes
38%
Used
38%
way,
38%
way
38%
way)
38%
why
38%
with
38%
without
38%
world
38%
amazing
31%
anxiety
31%
(Anxiety)
31%
bad,
31%
butter
31%
coming
31%
complain,
31%
concussion
31%
crazy,
31%
destruction
31%
dog,
31%
dog
31%
doing
31%
finish
31%
(Finish
31%
fuckin'
31%
give
31%
hesitate
31%
jelly
31%
lane,
31%
living
31%
loyal,
31%
More
31%
more
31%
nothin'
31%
ones
31%
or
31%
other
31%
peanut
31%
Pressure
31%
pressure
31%
right
31%
roll
31%
shark,
31%
society
31%
squad
31%
stay
31%
toast
31%
trust
31%
Walk
31%
wanted
31%
after
23%
age
23%
age)
23%
ain't
23%
Ain't
23%
Alienated
23%
bitches
23%
boat
23%
bussin',
23%
chewed
23%
choke
23%
chunk
23%
city
23%
claim
23%
cut
23%
devil
23%
devoted
23%
dosage
23%
dummy
23%
dying
23%
enemy
23%
family
23%
fool
23%
full
23%
gain
23%
gain)
23%
going
23%
heart
23%
hesitation,
23%
jealous
23%
kiss
23%
Lil
23%
loyalty,
23%
made
23%
man
23%
matter,
23%
Might
23%
might
23%
North
23%
own
23%
(Own
23%
pace
23%
pace)
23%
pick
23%
(Pick
23%
Pole
23%
posted,
23%
re-load
23%
riding
23%
rollin'
23%
'round
23%
rush
23%
scene
23%
shit
23%
team,
23%
throat
23%
tryna
23%
Wayne
23%
young
23%
(Young
23%
business
15%
(Business
15%
charcoal,
15%
detrimental
15%
discussion
15%
dysfunction
15%
Eating
15%
emotion,
15%
fear
15%
fishes
15%
front
15%
illest
15%
jump
15%
Lord
15%
lost
15%
mercy
15%
naked
15%
only
15%
plane
15%
scope
15%
slit
15%
sorrow,
15%
soul
15%
stoked,
15%
stung,
15%
Tongue
15%
tough
15%
train
15%
what's
15%
witnesses
15%
(Witnesses)
15%
Yes,
15%
cold,
8%
crossroads
8%
knows
8%
tomorrow
8%
No matching quizzes found
Score Distribution
Percent of People with Each Score
Percentile by Number Answered
Your Score History
You have not taken this quiz